Ucl Winners - Statistics

General Stats
  • This quiz has been taken 80 times
  • The average score is 7 of 11
Answers on the Grid
Answers color-coded by a green-red scale on the quiz's grid according to % correct below.
Atalanta
Real Madrid
Barcelona
PSG
Man City
Atletico Madrid
Man United
Marseille
Dortmund
Leeds
Liverpool
Chelsea
Lyon
Frankfurt
Porto
Bournemouth
Sporting
Tottenham Hotspur
Bayern Munich
Juventus
 
Answer Stats
Answer % Correct
Real Madrid
97%
Barcelona
85%
Man City
64%
Man United
61%
Chelsea
58%
Dortmund
58%
Liverpool
55%
Bayern Munich
52%
Juventus
52%
Porto
48%
Marseille
42%
No matching quizzes found
Score Distribution
Percent of People with Each Score
Percentile by Number Answered
Your Score History
You have not taken this quiz